Growing pains (Record no. 78308)
[ view plain ]
| 000 -LEADER | |
|---|---|
| fixed length control field | 00798cab a2200241 4500 |
| 001 - CONTROL NUMBER | |
| control field | L136478 |
| 008 - FIXED-LENGTH DATA ELEMENTS--GENERAL INFORMATION | |
| fixed length control field | 070202n2007 000 0 eng u |
| 035 ## - SYSTEM CONTROL NUMBER | |
| System control number | (Sirsi) u136478 |
| 041 0# - LANGUAGE CODE | |
| Language code of text/sound track or separate title | eng |
| 100 1# - MAIN ENTRY--PERSONAL NAME | |
| Personal name | Grewal, Herpreet Kaur |
| 245 00 - TITLE STATEMENT | |
| Title | Growing pains |
| 260 ## - PUBLICATION, DISTRIBUTION, ETC. | |
| Date of publication, distribution, etc. | 2007 |
| 490 00 - SERIES STATEMENT | |
| Series statement | Regeneration and Renewal |
| Volume/sequential designation | 26 January 2007, 20-23(3) |
| 520 ## - SUMMARY, ETC. | |
| Summary, etc. | Reports on doubts over infrastructure funding for an ambitious regional spatial strategy in the M11 corridor involving planned housing growth. Focuses on some key developments and key players. |
| 590 ## - LOCAL NOTE (RLIN) | |
| Local note | KA |
| 651 #4 - SUBJECT ADDED ENTRY--GEOGRAPHIC NAME | |
| Geographic name | LONDON |
| 651 #4 - SUBJECT ADDED ENTRY--GEOGRAPHIC NAME | |
| Geographic name | HERTFORDSHIRE |
| 651 #4 - SUBJECT ADDED ENTRY--GEOGRAPHIC NAME | |
| Geographic name | ESSEX |
| 651 #4 - SUBJECT ADDED ENTRY--GEOGRAPHIC NAME | |
| Geographic name | CAMBRIDGESHIRE |
| 690 ## - LOCAL SUBJECT ADDED ENTRY--TOPICAL TERM (OCLC, RLIN) | |
| Topical term or geographic name as entry element | PROPERTY-RESIDENTIAL PROPERTY-RESIDENTIAL PROPERTY DEVELOPMENT |
| 700 1# - ADDED ENTRY--PERSONAL NAME | |
| Personal name | Branson, Adam |
| 942 ## - ADDED ENTRY ELEMENTS (KOHA) | |
| Suppress in OPAC | 0 |
| Withdrawn status | Lost status | Source of classification or shelving scheme | Damaged status | Not for loan | Home library | Current library | Shelving location | Date acquired | Total Checkouts | Full call number | Barcode | Date last seen | Copy number | Price effective from | Koha item type |
|---|---|---|---|---|---|---|---|---|---|---|---|---|---|---|---|
| Dewey Decimal Classification | London | London | Journal article | 02/02/2007 | L136478 | 136478-1001 | 06/08/2019 | 1 | 06/08/2019 | Journal article |